| 000 | 00435nam a22001457a 4500 | ||
|---|---|---|---|
| 005 | 20250628114255.0 | ||
| 008 | 250628b |||||||| |||| 00| 0 eng d | ||
| 020 | _a0947342028 | ||
| 050 |
_aBS1405 _b.3 FLE |
||
| 100 | _aFLEMING DON | ||
| 245 |
_aBRIDGE BIBLE HANDBOOKS; _bEXPLAINING THE BOOKS OF THE BIBLE FOR THE PEOPLE OF TODAY'S WORLD |
||
| 260 |
_aPHILIPPINES _bBRIDGEWAY PUBLICATIONS _cc1989 |
||
| 300 | _a151p | ||
| 942 |
_2lcc _cBK _n0 |
||
| 999 |
_c6759 _d6759 |
||